[Event "North Wales Major op 4th"]
[Site "Llandudno"]
[Date "2019.06.22"]
[Round "3"]
[White "Banerjee, Sanjoy K"]
[Black "Holland, Ray J"]
[Result "1/2-1/2"]
[WhiteElo "1571"]
[BlackElo "1766"]
[PlyCount "49"]
[EventDate "2019.06.21"]
[EventType "swiss"]
[EventRounds "5"]
[EventCountry "WLS"]
[SourceTitle "EXT 2020"]
[Source "ChessBase"]
[SourceDate "2019.10.17"]
[SourceVersion "1"]
[SourceVersionDate "2019.10.17"]
[SourceQuality "1"]

1. e4 c6 2. d4 d5 3. exd5 cxd5 4. Bd3 Nc6 5. c3 Nf6 6. Bf4 Bg4 7. Qb3 Qc8 8. Nd2 e6 9. Ngf3 Be7 10. a4 0-0 11. 0-0 Bh5 12. Rfe1 Bg6 13. Bxg6 hxg6 14. Ne5 Nh5 15. Nxc6 Qxc6 16. Be3 Nf6 17. Bg5 Rfe8 18. Nf3 Bd6 19. Ne5 Bxe5 20. dxe5 Nd7 21. Qd1 Rac8 22. Qg4 Qc4 23. f4 Nc5 24. Re3 Ne4 25. Qe2 1/2-1/2

[Event "BCF-ch Seniors 65"]
[Site "Llandudno"]
[Date "2017.08.04"]
[Round "6"]
[White "Holland, Ray J"]
[Black "Bielby, Paul R"]
[Result "1-0"]
[WhiteElo "1707"]
[BlackElo "1916"]
[PlyCount "61"]
[EventDate "2017.07.30"]
[EventType "swiss"]
[EventRounds "7"]
[EventCountry "WLS"]
[SourceTitle "CBM 179 Extra"]
[Source "ChessBase"]
[SourceDate "2017.08.23"]
[SourceVersion "1"]
[SourceVersionDate "2017.08.23"]
[SourceQuality "1"]

1. d4 Nf6 2. Bf4 g6 3. e3 Bg7 4. c3 d6 5. Be2 c6 6. h3 0-0 7. Nf3 Nbd7 8. Nbd2 Re8 9. Bh2 e5 10. dxe5 dxe5 11. Nc4 e4 12. Ng5 h6 13. Nxf7 Kxf7 14. Nd6+ Kg8 15. Bc4+ Kh7 16. Nxe8 Qxe8 17. Qd6 Nb6 18. Bb3 Bf5 19. 0-0-0 Nbd5 20. g4 Rd8 21. Qa3 Be6 22. Qxa7 Qe7 23. Rhg1 Rd7 24. Qa8 Qc5 25. Kb1 b5 26. Be5 Ra7 27. Qb8 Nd7 28. Qd6 Bxe5 29. Qxe6 Nxc3+ 30. bxc3 Qxc3 31. Qg8# 1-0

[Event "BCF-ch Seniors 65"]
[Site "Llandudno"]
[Date "2017.07.30"]
[Round "1"]
[White "Campbell, Ian"]
[Black "Holland, Ray J"]
[Result "1/2-1/2"]
[WhiteElo "1983"]
[BlackElo "1707"]
[PlyCount "71"]
[EventDate "2017.07.30"]
[EventType "swiss"]
[EventRounds "7"]
[EventCountry "WLS"]
[SourceTitle "CBM 179 Extra"]
[Source "ChessBase"]
[SourceDate "2017.08.23"]
[SourceVersion "1"]
[SourceVersionDate "2017.08.23"]
[SourceQuality "1"]

1. d4 Nf6 2. Nf3 g6 3. c4 Bg7 4. Nc3 d6 5. e4 0-0 6. Be2 e5 7. d5 a5 8. Bg5 h6 9. Bd2 Na6 10. Qc2 Nc5 11. Be3 Na6 12. h3 Nh5 13. Nd2 Nf4 14. Bf1 f5 15. exf5 gxf5 16. Nf3 Nh5 17. Be2 Qe8 18. 0-0-0 f4 19. Bd2 Bf5 20. Qa4 Bd7 21. Qa3 Nc5 22. Nb5 Bxb5 23. cxb5 Nf6 24. Be1 Qf7 25. b3 Nfd7 26. Rg1 Ne4 27. Qa4 Ndc5 28. Qc4 Nf6 29. g4 Nfd7 30. Nh4 e4 31. Nf5 Ne5 32. Bc3 Nxc4 33. Bxg7 Qxg7 34. Nxg7 Kxg7 35. Bxc4 Rae8 36. Rde1 1/2-1/2

[Event "BCF-ch Seniors 65"]
[Site "Bournemouth"]
[Date "2016.07.30"]
[Round "7"]
[White "Holland, Ray J"]
[Black "Stimpson, Philip M"]
[Result "0-1"]
[WhiteElo "1870"]
[BlackElo "1946"]
[PlyCount "62"]
[EventDate "2016.07.24"]
[EventType "swiss"]
[EventRounds "7"]
[EventCountry "ENG"]
[SourceTitle "CBM 173 Extra"]
[Source "ChessBase"]
[SourceDate "2016.08.29"]
[SourceVersion "1"]
[SourceVersionDate "2016.08.29"]
[SourceQuality "1"]

1. d4 Nf6 2. Nf3 d5 3. Bf4 e6 4. e3 Bd6 5. Bg3 Ne4 6. Nbd2 Nxg3 7. hxg3 Nd7 8. Bd3 h6 9. Qe2 e5 10. e4 0-0 11. dxe5 Nxe5 12. Nxe5 Bxe5 13. 0-0-0 Qf6 14. c3 d4 15. c4 c5 16. f4 Bc7 17. e5 Qc6 18. Kb1 Bd7 19. g4 f5 20. g5 hxg5 21. fxg5 Qg6 22. Nf3 Rae8 23. g4 Re7 24. Rh5 Rfe8 25. Nh4 Qc6 26. Nxf5 Rxe5 27. Qf2 Re4 28. Qh4 Bxf5 29. gxf5 Rxh4 30. Rxh4 Qf3 31. Bc2 d3 0-1

[Event "BCF-ch Seniors 65"]
[Site "Bournemouth"]
[Date "2016.07.27"]
[Round "4"]
[White "Ashby, Anthony"]
[Black "Holland, Ray J"]
[Result "1/2-1/2"]
[WhiteElo "2108"]
[BlackElo "1870"]
[PlyCount "80"]
[EventDate "2016.07.24"]
[EventType "swiss"]
[EventRounds "7"]
[EventCountry "ENG"]
[SourceTitle "CBM 173 Extra"]
[Source "ChessBase"]
[SourceDate "2016.08.29"]
[SourceVersion "1"]
[SourceVersionDate "2016.08.29"]
[SourceQuality "1"]

1. e4 e6 2. d4 d5 3. Nc3 Nf6 4. Bg5 Be7 5. e5 Nfd7 6. h4 b6 7. Nb5 a6 8. Bxe7 Kxe7 9. Na3 c5 10. c3 Nc6 11. Nf3 b5 12. Nc2 cxd4 13. Nfxd4 Qc7 14. f4 Bb7 15. Be2 Na5 16. 0-0 Nc4 17. Qc1 Nc5 18. b3 Nb6 19. Qa3 Kd7 20. f5 Rhf8 21. Bg4 exf5 22. Bxf5+ Kd8 23. Rae1 Nbd7 24. Bxd7 Kxd7 25. Re3 Rae8 26. Rfe1 Ne4 27. c4 Qc5 28. Qxc5 Nxc5 29. cxb5 axb5 30. Nxb5 Ne4 31. Nd6 Nxd6 32. exd6 Rxe3 33. Rxe3 Kxd6 34. Nd4 g6 35. a4 Kc5 36. Nf3 Kb4 37. Ne1 Rc8 38. Nd3+ Kc3 39. Kf2 Ba8 40. Ne5+ Kb4 1/2-1/2

[Event "WLS-chT 0708"]
[Site "Wales"]
[Date "2008.04.26"]
[Round "7"]
[White "Holland, Ray J"]
[Black "St Clair, Allan"]
[Result "1-0"]
[WhiteElo "1704"]
[BlackElo "1836"]
[PlyCount "64"]
[EventDate "2007.10.07"]
[EventType "team-swiss"]
[EventRounds "7"]
[EventCountry "WLS"]
[SourceTitle "EXT 2010"]
[Source "ChessBase"]
[SourceDate "2010.11.25"]
[SourceVersion "1"]
[SourceVersionDate "2010.11.25"]
[SourceQuality "1"]

1. c4 Nf6 2. Nc3 b6 3. Nf3 Bb7 4. g3 d6 5. Bg2 e5 6. d3 Be7 7. 0-0 0-0 8. a3 a5 9. Rb1 Nbd7 10. b4 Ne8 11. e4 f5 12. Ne1 Bg5 13. f4 exf4 14. Bxf4 fxe4 15. dxe4 Bxf4 16. gxf4 Qh4 17. e5 Bxg2 18. Nxg2 Qd8 19. Qd5+ Kh8 20. Rbd1 axb4 21. axb4 Ra3 22. Ne4 Qa8 23. Qxa8 Rxa8 24. exd6 cxd6 25. Nxd6 Ndf6 26. Nxe8 Rfxe8 27. Rfe1 Rec8 28. Ne3 Ra4 29. b5 Nh5 30. Nd5 Rf8 31. Nxb6 Ra2 32. Rf1 g6 1-0